000
00297nam a2200121Ia 4500
008
190216s9999||||xx |||||||||||||| ||und||
100
_a
Ahluwalia V K & Renu Aggarwal
245
0
_a
Organic Synthesis
260
_b
Narosa Pubs House
_c
2001
300
_a
200p
650
_a
Chemistry
942
_c
BK
999
_c
3101
_d
3101